书目信息 |
| 题名: |
中华人民共和国科学技术大事记
|
|
| 作者: | 张应吾 主编 | |
| 分册: | ||
| 出版信息: | 北京 科学技术文献出版社 1989.9 |
|
| 页数: | 815页 | |
| 开本: | 20cm | |
| 丛书名: | ||
| 单 册: | ||
| 中图分类: | G322.9 | |
| 科图分类: | ||
| 主题词: | 科学事业史--中国 | |
| 电子资源: | ||
| ISBN: | 7-5023-0871-7 | |
| 000 | 00687nam0 2200229 45 | |
| 001 | 0189021005 | |
| 005 | 20050405105059.5 | |
| 010 | @a7-5023-0871-7@dCNY14.50 | |
| 020 | @aCN@b89021005 | |
| 100 | @a19910905d1989 m y0chiy0120 ea | |
| 101 | 0 | @achi |
| 102 | @aCN@b110000 | |
| 105 | @ay z 000yy | |
| 200 | 10 | @a中华人民共和国科学技术大事记@Azhong hua ren min gong he guo ke xue ji shu da shi ji@e1949-1988@f张应吾主编@Fzhang ying wu zhu bian |
| 210 | @a北京@c科学技术文献出版社@d1989.9 | |
| 215 | @a815页@d20cm | |
| 517 | @a1949-1988 | |
| 606 | 0 | @a科学事业史@x中国 |
| 690 | @aG322.9@v3 | |
| 701 | 0 | @a张应吾@4主编 |
| 801 | 0 | @aCN@bNLC@c19910905 |
| 905 | @f1@b226131@dG322.9@e10 | |
| 中华人民共和国科学技术大事记:1949-1988/张应吾主编.-北京:科学技术文献出版社,1989.9 |
| 815页;20cm |
| ISBN 7-5023-0871-7:CNY14.50 |
| ● |
| 相关链接 |
|
|
|
|
正题名:中华人民共和国科学技术大事记
索取号:G322.9/10
 
预约/预借
| 序号 | 登录号 | 条形码 | 馆藏地/架位号 | 状态 | 备注 |
| 1 | 0226131 | 001997450 | 密集书库/ [索取号:G322.9/10] | 在馆 | |
| 2 | 0226132 | 002058739 | 第一样本阅览室/ [索取号:G322.9/10] | 在馆 |